| 000 | 00350nam a22001457a 4500 | ||
|---|---|---|---|
| 020 | _qPB. | ||
| 040 | _cFIZZA ISHAQ | ||
| 082 |
_a519.4 _bWAR |
||
| 100 |
_aEHENEY,WARD. _991563 |
||
| 245 |
_aNUMERICAL MATHEMATICS AND COMPUTER / _cWARD CHENEY. |
||
| 250 | _a7th ED. | ||
| 260 |
_aCENGAGE LEARNING ; _c2013. |
||
| 300 | _a678 P. ; | ||
| 942 |
_2ddc _cBK |
||
| 999 |
_c589694 _d589694 |
||